000 00517nam a2200145 4500
999 _c15882
_d15882
008 201217b ||||| |||| 00| 0 eng d
022 _a0732-8435
082 _aDPer 657.05 C33 Sept - Mar 2015, v. 85 - 86
100 _942692
_aSmith, Eric.
245 _aDefending a cash business taxpayer in an indirect method case/
_b
_cEric Smith.
260 _aNew York:
_bThe New York State Society of CPA,
_c©2015.
300 _av85 n11, pages 56-57:
_billustrations;
_c28 cm.
650 _aTaxation.
_942693
942 _2ddc
_cPER